| 000 | 00840nas a2200265Ia 4500 | ||
|---|---|---|---|
| 001 | A50/R028-31999 | ||
| 003 | IT-MiCISF | ||
| 008 | 161014c99999999xx |||||||||||| ||und|| | ||
| 040 |
_aIT-MiCISF _cIT-MiCISF |
||
| 041 | _aITALIANO | ||
| 100 | _aBonini Roberta | ||
| 210 | _aLa famiglia | ||
| 222 | _aLa famiglia | ||
| 245 | 0 | _aFamiglia e reti sociali: un percorso di lettura | |
| 250 | _a1a ed. | ||
| 260 | _c2000 | ||
| 501 |
_bCISF - Centro Internazionale Studi Famiglia - Via Giotto, 36 20145 MILANO (non commercial uses only) _cCopyright 2016 |
||
| 300 | _app. 66-73 | ||
| 362 | _an. 203, settembre-ottobre [2000] | ||
| 500 | _aA cura del CISF Tema: famiglia, sociologia, rapporti-sociali, cura, associazionismo | ||
| 650 |
_aFAMIGLIA _vbibliografia |
||
| 700 | _aAA.VV. | ||
| 942 | _cCR | ||
| 957 | _71 | ||
| 999 |
_a31999 _bSi _g1 _c234595 _d234595 |
||